Los periodistas /

Bibliographic Details
Main Author: Leñero, Vicente
Format: Book
Language:Spanish
Published: Mexico : J. Mortiz, 1980.
Edition:8a ed.
Series:Nueva narrativa hispanica.
Subjects:

MARC

Tag First Indicator Second Indicator Subfields
LEADER 00000cam a2200000 a 4500
001 in00000552012
005 20151014051056.0
008 820519s1980 mx 00111 spa d
020 |a 9682700205 
035 |a (OCoLC)08440521 
035 |9 ACJ2174AM 
040 |a IOH  |c IOH  |d TXA  |d UtOrBLW 
049 |a TXAM  |c [937599] 
090 |a PQ7297.L37  |b P4 1980 
100 1 |a Leñero, Vicente. 
245 1 4 |a Los periodistas /  |c Vicente Lenero. 
250 |a 8a ed. 
264 1 |a Mexico :  |b J. Mortiz,  |c 1980. 
300 |a 412 pages ;  |c 19 cm. 
336 |a text  |b txt  |2 rdacontent 
337 |a unmediated  |b n  |2 rdamedia 
338 |a volume  |b nc  |2 rdacarrier 
490 1 |a Nueva narrativa hispanica 
500 |a Includes index. 
651 0 |a Mexico  |x History  |y 1946-1970  |x Fiction. 
830 0 |a Nueva narrativa hispanica. 
999 |a MARS 
999 f f |s e396a7a1-463c-32c2-b0cd-a634c0318279  |i 5d0adc20-61d0-38ac-9432-1254fd746d2e  |t 0 
952 f f |p ric  |a Texas A&M University  |b Rellis Campus  |c Joint Library Facility  |d Remote Storage  |t 0  |e PQ7297.L37 P4 1980  |h Library of Congress classification  |i unmediated -- volume  |m A14808865702 
998 f f |a PQ7297.L37 P4 1980  |t 0  |l Remote Storage